skbl

Dr Suryya Kumar Bhuyan Library Web-OPAC
ডঃ সূৰ্য্য
কুমাৰ ভূঞা পুথিভঁৰাল ৱেব-অ'পেক

All Research Scholars are advised to clear the annual library fees to continue using Library Resources, Remote Access, Plagiarism Test and Library Clearance.

Cotton University Book Fair 2026

Educational Wastage and Stagnation in India / (Record no. 12116)

MARC details
000 -LEADER
fixed length control field 00760nam a2200301Ia 4500
001 - CONTROL NUMBER
control field 12129
005 - DATE AND TIME OF LATEST TRANSACTION
control field 20240113235342.0
007 - PHYSICAL DESCRIPTION FIXED FIELD--GENERAL INFORMATION
fixed length control field ta
008 - FIXED-LENGTH DATA ELEMENTS--GENERAL INFORMATION
fixed length control field 051005s1967 g b000 u eng u
020 ## - INTERNATIONAL STANDARD BOOK NUMBER
Terms of availability PB
040 ## - CATALOGING SOURCE
Original cataloging agency Cotton College,Assam
041 ## - LANGUAGE CODE
Language code of text/sound track or separate title eng
082 ## - DEWEY DECIMAL CLASSIFICATION NUMBER
Classification number 370.954
Item number Sa 69 Ed
100 ## - MAIN ENTRY--PERSONAL NAME
Personal name Sapra, C.L..
245 #0 - TITLE STATEMENT
Title Educational Wastage and Stagnation in India /
Statement of responsibility, etc. C.L.Sapra.
Medium Textual Documents
250 ## - EDITION STATEMENT
Edition statement 1st ed. /
260 ## - PUBLICATION, DISTRIBUTION, ETC.
Place of publication, distribution, etc. Delhi :
Name of publisher, distributor, etc. NCERT ,
Date of publication, distribution, etc. 1967.
300 ## - PHYSICAL DESCRIPTION
Extent 56p. ;
Dimensions 21cm.
653 ## - INDEX TERM--UNCONTROLLED
Uncontrolled term Education
653 ## - INDEX TERM--UNCONTROLLED
Uncontrolled term Education-India
653 ## - INDEX TERM--UNCONTROLLED
Uncontrolled term Wastage and Stagnation-Education
653 ## - INDEX TERM--UNCONTROLLED
Uncontrolled term G-Education
942 ## - ADDED ENTRY ELEMENTS (KOHA)
Source of classification or shelving scheme Dewey Decimal Classification
Koha item type Books
Holdings
Withdrawn status Lost status Damaged status Not for loan Collection Home library Current library Date acquired Coded location qualifier Total checkouts Full call number Barcode Date last seen Copy number Price effective from Koha item type
          Dr. Suryya Kumar Bhuyan Library Dr. Suryya Kumar Bhuyan Library 01/02/2012 00000   370.954 Sa 69 Ed 56603 13/01/2024 2 01/02/2012 Books
          Dr. Suryya Kumar Bhuyan Library Dr. Suryya Kumar Bhuyan Library 01/02/2012 00000   370.954 Sa 69 Ed 56601 13/01/2024 3 01/02/2012 Books
          Dr. Suryya Kumar Bhuyan Library Dr. Suryya Kumar Bhuyan Library 01/02/2012 00000   370.954 Sa 69 Ed 56602 13/01/2024 1 01/02/2012 Books

Designed and Maintained by Team SKBL
©1901-2026

Powered by Koha